JetPunk Languages - Statistics

General Stats
  • This quiz has been taken 41 times
    9 since last reset
  • The average score is 16 of 28
Answer Stats
Featured Languages % Correct
Arabic
100%
English
88%
German
88%
Chinese
75%
Dutch
75%
French
75%
Japanese
75%
Polish
75%
Portuguese
75%
Spanish
75%
Finnish
63%
Norwegian
63%
Romanian
63%
Russian
63%
Swedish
63%
Bulgarian
50%
Croatian
50%
Czech
50%
Greek
50%
Hungarian
50%
Italian
50%
Serbian
50%
Turkish
50%
Danish
38%
Catalan
25%
Azerbaijani
13%
Telugu
13%
Venetian
13%
No matching quizzes found
Score Distribution
Percent of People with Each Score
Percentile by Number Answered
Your Score History
You have not taken this quiz since the last reset